=LDR 00000nam 2200000 4500 =001 INLIS000000000013868 =005 20200203012015 =035 ##$$a 0010-061300000013868 =008 200203################g##########0#ind## =041 ##$$a Ind =082 ##$$a 003.54 =090 ##$$a 005.43, Kin s =100 ##$$a Rakhman, A.S =245 1#$$a Public key infrastructure, sistem keamanan informasi /$c A.S. Rachman =260 ##$$a Yogyakarta :$b Universitas Mataram Press,$c 2004 =300 ##$$a xiv, 147 hlm. : $b ilus. ; $c 16 x 21 cm =850 ##$$a NBPNMAT =020 ##$$a 979-8911-20-2 =084 ##$$a 003.54 RAK p =650 #4$$a Informasi, Teori (Jaringan Informasi) =250 ##$$a Cet. 1 =520 ##$$a Biografi : hlm. 147 =990 ##$$a 0001/BPAP-NTB/20142014 =990 ##$$a 0001/BPAP-NTB/20142014 =990 ##$$a 20800674/pb/08 =990 ##$$a 10407480 =990 ##$$a 10407481 =990 ##$$a 20800676 =990 ##$$a 10407483 =990 ##$$a 08310831 =990 ##$$a 39719 pb.08 =990 ##$$a 0001/BPAP-NTB/20142014 =990 ##$$a 0001/BPAP-NTB/20142014 =990 ##$$a 20800674/pb/08 =990 ##$$a 10407480 =990 ##$$a 10407481 =990 ##$$a 20800676 =990 ##$$a 10407483 =990 ##$$a 39715 pb.08 =990 ##$$a 0001/BPAP-NTB/20142014 =990 ##$$a 20800674/pb/08 =990 ##$$a 10407480 =990 ##$$a 10407481 =990 ##$$a 20800676 =990 ##$$a 10407483 =990 ##$$a 39719 pb.08 =990 ##$$a 00210021 =990 ##$$a 39726 pb.08 =990 ##$$a 0001/BPAP-NTB/20142014 =990 ##$$a 39715 pb.08 =990 ##$$a 20800674/pb/08 =990 ##$$a 10407480 =990 ##$$a 10407481 =990 ##$$a 20800676 =990 ##$$a 10407483 =990 ##$$a 39719 pb.08